| 000 | 01037nam a22003137a 4500 | ||
|---|---|---|---|
| 001 | BR7905984 | ||
| 003 | BR-BrBNA | ||
| 005 | 20230928090121.0 | ||
| 007 | ta | ||
| 008 | 230509b bl.||||| |||| 00| 0 por d | ||
| 040 |
_aBR-BrBNA _bpor _cBiblioteca Nacional de Agricultura |
||
| 041 | _a(Por) | ||
| 072 |
_aE10; E50; E70 _b/G514 |
||
| 090 | _ E10 BR7905984 | ||
| 110 | 1 |
_aCamara dos Deputados, Brasilia, DF (Brasil). Comissao de Agricultura e Politica Rural _91316 |
|
| 111 | 1 |
_aSimposio Nacional da Agropecuaria Brasileira na Conjuntura Atual _cBrasilia, DF (Brazil) _d18 Jun 1979 |
|
| 245 | 1 | _aSimposio Nacional da Agropecuaria Brasileira na Conjuntura Atual [Politica agricola] | |
| 260 | 3 |
_aBrasilia, DF (Brasil): _c1979. |
|
| 300 | _a557 p. | ||
| 650 | _aMacroeconomia | ||
| 650 | _aSociologia rural | ||
| 650 | _aComercializacao | ||
| 650 | _aReforma agraria | ||
| 650 | _aAssociacao rural | ||
| 650 | _aCredito cooperativo | ||
| 650 | _aPolitica de preco | ||
| 909 |
_a202309 _bLucia _c55 _dLucia Elande |
||
| 942 | _cBK | ||
| 999 |
_c27876 _d27876 |
||